Language Quiz

Random Language or Letter Quiz
Score 0/298 Timer 10:00
0 Plays Today
root word front hook % Correct
AABAA
81.3%
ABCAB
62.5%
ABDAB
62.5%
ABFAB
62.5%
ABGAB
62.5%
ABJAB
62.5%
ABKAB
62.5%
ABLAB
62.5%
ABNAB
62.5%
ABSAB
62.5%
ABTAB
62.5%
AACAA
56.3%
ABWAB
56.3%
ADBAD
56.3%
ADCAD
56.3%
ADDAD
56.3%
ADFAD
56.3%
ADGAD
56.3%
ADHAD
56.3%
ADLAD
56.3%
ADMAD
56.3%
ADPAD
56.3%
ADRAD
56.3%
ADSAD
56.3%
ADTAD
56.3%
ADWAD
56.3%
AAFAA
50%
AAMAA
50%
ADYAD
50%
AEDAE
50%
AEFAE
50%
AEGAE
50%
AEHAE
50%
AGBAG
50%
AGFAG
50%
AGHAG
50%
AGLAG
50%
AGMAG
50%
AGNAG
50%
AGRAG
50%
AGSAG
50%
AGTAG
50%
AGWAG
50%
AHAAH
50%
ALAAL
50%
AMBAM
50%
AMCAM
50%
AMDAM
50%
AMGAM
50%
AMHAM
50%
AMJAM
50%
AMKAM
50%
AMLAM
50%
AMMAM
50%
AMNAM
50%
AMPAM
50%
AMRAM
50%
AMSAM
50%
AMTAM
50%
AMYAM
50%
ANBAN
50%
ANCAN
50%
ANDAN
50%
ANEAN
50%
ANFAN
50%
ANGAN
50%
ANHAN
50%
ANMAN
50%
ANNAN
50%
ANPAN
50%
ANRAN
50%
ANSAN
50%
ANTAN
50%
ANVAN
50%
ANWAN
50%
ARBAR
50%
ARCAR
50%
AREAR
50%
AEKAE
43.8%
AEMAE
43.8%
AENAE
43.8%
AESAE
43.8%
AEWAE
43.8%
AEYAE
43.8%
AGCAG
43.8%
AGDAG
43.8%
AGGAG
43.8%
AGJAG
43.8%
AGVAG
43.8%
AGYAG
43.8%
AGZAG
43.8%
AHBAH
43.8%
AHDAH
43.8%
AHFAH
43.8%
AHHAH
43.8%
AHLAH
43.8%
AHNAH
43.8%
AHPAH
43.8%
AHRAH
43.8%
ALBAL
43.8%
root word front hook % Correct
ALDAL
43.8%
ALGAL
43.8%
ALMAL
43.8%
ALPAL
43.8%
ALSAL
43.8%
ARFAR
43.8%
ARGAR
43.8%
ARJAR
43.8%
ARLAR
43.8%
ARMAR
43.8%
AROAR
43.8%
ARPAR
43.8%
ARTAR
43.8%
ARVAR
43.8%
ARWAR
43.8%
ARYAR
43.8%
ASBAS
43.8%
AETAE
37.5%
AEVAE
37.5%
AHYAH
37.5%
AIJAI
37.5%
AIKAI
37.5%
AIRAI
37.5%
AISAI
37.5%
AITAI
37.5%
AIWAI
37.5%
ARSAR
37.5%
ASAAS
37.5%
ASDAS
37.5%
ASGAS
37.5%
ASHAS
37.5%
ASWAS
37.5%
ATBAT
37.5%
ATCAT
37.5%
ATEAT
37.5%
ATFAT
37.5%
ATGAT
37.5%
ATHAT
37.5%
ATKAT
37.5%
ATLAT
37.5%
ATMAT
37.5%
ATNAT
37.5%
ATOAT
37.5%
ATPAT
37.5%
ATQAT
37.5%
ATRAT
37.5%
ATSAT
37.5%
ATTAT
37.5%
ATVAT
37.5%
ATWAT
37.5%
ASEAS
31.3%
ASFAS
31.3%
ASKAS
31.3%
ASLAS
31.3%
ASMAS
31.3%
ASNAS
31.3%
ASPAS
31.3%
ASRAS
31.3%
ASTAS
31.3%
ASVAS
31.3%
ASZAS
31.3%
AWDAW
31.3%
AWFAW
31.3%
AWHAW
31.3%
AWJAW
31.3%
AWKAW
31.3%
AWLAW
31.3%
AWMAW
31.3%
AWNAW
31.3%
AWPAW
31.3%
AWRAW
31.3%
AWSAW
31.3%
AWTAW
31.3%
AWCAW
25%
AXZAX
25%
DEODE
25%
DOADO
25%
AWYAW
18.8%
AXLAX
18.8%
AXRAX
18.8%
AXSAX
18.8%
AXTAX
18.8%
AXWAX
18.8%
AYBAY
18.8%
AYCAY
18.8%
AYDAY
18.8%
AYFAY
18.8%
AYGAY
18.8%
AYHAY
18.8%
AYJAY
18.8%
AYKAY
18.8%
AYLAY
18.8%
AYMAY
18.8%
AYNAY
18.8%
AYPAY
18.8%
AYRAY
18.8%
AYSAY
18.8%
AYTAY
18.8%
AYWAY
18.8%
AYYAY
18.8%
root word front hook % Correct
BOABO
18.8%
BYABY
18.8%
CHACH
18.8%
CHICH
18.8%
EALEA
18.8%
EAPEA
18.8%
EASEA
18.8%
EATEA
18.8%
EAYEA
18.8%
EAZEA
18.8%
EDBED
18.8%
EDRED
18.8%
EEBEE
18.8%
EEDEE
18.8%
EEFEE
18.8%
EEGEE
18.8%
EEJEE
18.8%
EELEE
18.8%
EEMEE
18.8%
EENEE
18.8%
AWVAW
12.5%
AWWAW
12.5%
AXFAX
12.5%
AXMAX
12.5%
AXPAX
12.5%
BAABA
12.5%
BAOBA
12.5%
BEOBE
12.5%
BIOBI
12.5%
BOOBO
12.5%
CHECH
12.5%
CHOCH
12.5%
DAODA
12.5%
DEIDE
12.5%
DOUDO
12.5%
EAKEA
12.5%
EDFED
12.5%
EDGED
12.5%
EDKED
12.5%
EDLED
12.5%
EDMED
12.5%
EDNED
12.5%
EDPED
12.5%
EDSED
12.5%
EDTED
12.5%
EDWED
12.5%
EDZED
12.5%
EECEE
12.5%
EEPEE
12.5%
EEREE
12.5%
EESEE
12.5%
EETEE
12.5%
EEVEE
12.5%
EEWEE
12.5%
ELBEL
12.5%
ELGEL
12.5%
EMREM
12.5%
ENBEN
12.5%
ENDEN
12.5%
ENEEN
12.5%
ENFEN
12.5%
ENGEN
12.5%
ENHEN
12.5%
ENKEN
12.5%
ENMEN
12.5%
ENPEN
12.5%
ENREN
12.5%
ENSEN
12.5%
ENTEN
12.5%
ENWEN
12.5%
ENYEN
12.5%
ERHER
12.5%
ERPER
12.5%
EEZEE
6.3%
EFDEF
6.3%
EFKEF
6.3%
EFNEF
6.3%
EFREF
6.3%
EFTEF
6.3%
EHFEH
6.3%
EHHEH
6.3%
EHPEH
6.3%
EHREH
6.3%
EHYEH
6.3%
ELCEL
6.3%
ELDEL
6.3%
ELEEL
6.3%
ELMEL
6.3%
ELSEL
6.3%
ELTEL
6.3%
ELZEL
6.3%
EMFEM
6.3%
EMGEM
6.3%
EMHEM
6.3%
EMMEM
6.3%
EMWEM
6.3%
ERFER
6.3%
ERSER
6.3%
Remove Ads.
Support Sporcle.
Get the best of Sporcle when you Go Orange. This ad-free experience offers more features, more stats, and more fun while also helping to support Sporcle. Thank you for becoming a member.

You're not logged in!

Compare scores with friends on all Sporcle quizzes.
OR
Log In

Show Comments

Extras

Top Quizzes Today


Score Distribution

Your Account Isn't Verified!

In order to create a playlist on Sporcle, you need to verify the email address you used during registration. Go to your Sporcle Settings to finish the process.

Report this User

Report this user for behavior that violates our Community Guidelines.

Details: